000 00493nam a2200181 i 4500
001 142060
003 ES-MaACL
005 20230906200432.0
007 t|
008 071002s1978 fr ||||1| fre d
020 _a2-7186-0108-6
080 _a32.01
100 1 _aVirilio, Paul.
_9115460
245 1 0 _aDéfense populaire et luttes ècologiques /
_cPaul Virilio.
260 _aParis :
_bEditions Galilée,
_c1978.
300 _a102 p. ;
_c20 cm.
852 _aES-MaACL
_jL-11460
_bR.112906
999 _c142060
_d142060